Les chansons de Jorja Smith - Mort subite - Statistiques

Statistiques générales
  • Ce quiz a été pris 46 fois
  • Le résultat moyen est 7 sur 10
Answers on the Grid
Answers color-coded by a green-red scale on the quiz's grid according to % correct below.
Blue Lights
Tomorrow
The One
Come Over
GO GO GO
Be Honest
Don't Watch Me Cry
Teenage Fantasy
Little Things
Try Me
King
Hometown Glory
Don't Blame Me
Blank Space
Cruel Summer
Wildest Dreams
Lover
Cabeza
YSL
Melody
 
Statistiques - réponses
Réponse % Correct
Blue Lights
86%
Be Honest
83%
Little Things
76%
Come Over
69%
Don't Watch Me Cry
69%
The One
69%
Tomorrow
69%
Try Me
69%
GO GO GO
62%
Teenage Fantasy
62%
Aucun quiz correspondant
Distribution des résultats
% des personnes avec chaque résultat
Percentile par nombre de réponses
Votre historique - résultats
Vous n’avez pas pris ce quiz